000 00587nam a22001937a 4500
999 _c8351
_d8351
008 201113b ||||| |||| 00| 0 eng d
040 _aBMS College of Architecture
100 _aK, M, Nehashree
245 _aGovernment residential school for underprivileged children
300 _aNA
500 _a1BM15AT055
502 _8B,Arch
_NBMS College of Architecture, Visvesvaraya Technological University (VTU)
_aProject report
_d2019
650 _aResidential
650 _aSchool
650 _aChildren
700 _aPrathima
_eGuide
700 _aBhavesh
_eGuide
942 _2ddc
_cTHE